000 00393nam a22001457a 4500
005 20151202121947.0
008 151202b xxu||||| |||| 00| 0 eng d
040 _cPK-LaUMT
082 _aMSC 954.91
_bKOS-A
100 _aکوثر نیازی
245 _aاور لائن کٹ گئی
_cکوثر نیازی
260 _aلاہور
_bجنگ پبلشرز
_c1987
300 _a210 ص
942 _cBK
999 _c79462
_d79462